000 00651nam a2200217 4500
001 131504
003 ES-MaACL
005 20231002131918.0
007 t|
008 070214s1978 sp r ||||1| spa d
100 1 _aRodríguez Alcalde, Leopoldo.
_998327
245 1 0 _aRetablo biográfico de montañeses ilustres /
_cLeopoldo Rodríguez Alcalde.
250 _a1ª. ed.
260 _aSantander :
_bEstudio,
_c1978.
300 _a283 p. :
_bil. ;
_c19 cm.
505 8 _aContiene: Tomo I. Los escritores
852 _aES-MaACL
_jA-8957
_bR.98260
852 _aES-MaACL
_jA-9337/Ej.1
_bR.98887
942 _2udc
999 _c131504
_d131504